000 01809nam a22002057a 4500
999 _c56958
_d56958
003 Ge_BSU
005 20190902102455.0
008 190902b xxu||||| |||| 00| 0 geo d
041 _ageo
080 _a338.28 ქ-16
100 _aქათამაძე, გიორგი
_93843
245 _aბიზნეს სუბიექტის ინსტუციონალურ-ფინანსური ანალიზი და პრევენციული-ანტიკრიზისული სტრატეგია /
_cგიორგი ქათამაძე , სამეცნ. ხელმძღვ. გიორგი აბუსელიძე .
264 _aბათუმი :
_bბათუმოს შოთა რუსთაველის სახელმწიფო უნივერსიტეტი,
_c2019.
300 _a160 გვ .:
_c29 სმ.
653 _aბიზნეს სუბიექტის ინსტუციონალურ-ფინანსური ანალიზი და პრევენციული-ანტიკრიზისული სტრატეგია
653 _aეკონომიკა
_aდისერტაცია
700 _aაბუსელიძე, გიორგი
_eსამეცნიერო ხელმძღვანელი
_93844
710 _eბათუმის შოთა რუსთაველის სახელობის სახელმწიფო უნ-ტი ეკონომიკისა და ბიზნესის ფაკულტეტი
_eსაფინანსო საბანკო და სადაზღვევო საქმის დეპარტამენტი
_93845
942 _2udc
_cBK